Introduction to permaculture / (Record no. 5497)
[ view plain ]
| 000 -LEADER | |
|---|---|
| fixed length control field | 00757nam a2200157 4500 |
| 001 - CONTROL NUMBER | |
| control field | 6520 |
| 020 00 - INTERNATIONAL STANDARD BOOK NUMBER | |
| International Standard Book Number | 0908228058 |
| 100 00 - MAIN ENTRY--PERSONAL NAME | |
| Personal name | Mollison, Bill. |
| 245 00 - TITLE STATEMENT | |
| Title | Introduction to permaculture / |
| Remainder of title | |
| Statement of responsibility, etc. | Bill Mollison. With Reny Mia Slay. |
| Medium | |
| 260 00 - PUBLICATION, DISTRIBUTION, ETC. | |
| Place of publication, distribution, etc. | |
| Name of publisher, distributor, etc. | Tagari Publications, |
| Date of publication, distribution, etc. | |
| 300 00 - PHYSICAL DESCRIPTION | |
| Extent | vi, 198 p.: ill, 29 cm. |
| 504 ## - BIBLIOGRAPHY, ETC. NOTE | |
| Bibliography, etc. note | Includes bibliographical references and index. |
| 520 ## - SUMMARY, ETC. | |
| Summary, etc. | Permaculture is the science and art of designing a permanent and sustainable agriculture. This book outlines permaculture planning and design methods, garden layouts, greenhouse and fencing strategies, integrating livestock and aquaculture with crops, land access, community funding systems and more. |
| 650 00 - SUBJECT ADDED ENTRY--TOPICAL TERM | |
| Topical term or geographic name entry element | Permaculture. |
| General subdivision | |
| Withdrawn status | Lost status | Source of classification or shelving scheme | Damaged status | Not for loan | Collection code | Home library | Current library | Shelving location | Date acquired | Serial Enumeration / chronology | Inventory number | Total Checkouts | Full call number | Barcode | Date last seen | Price effective from | Koha item type |
|---|---|---|---|---|---|---|---|---|---|---|---|---|---|---|---|---|---|
| Dewey Decimal Classification | Main TEST | RTC Library | RTC Library | Main opac | 27/11/2018 | 10253 | 631.58 MIA | 30011207 | 27/11/2018 | 27/11/2018 | Main |